|
|
|
|
| LEADER |
01594nam a2200289 a 4500 |
| 001 |
60125764 |
| 008 |
100310s2004 txua b 000 0 eng d |
| 020 |
|
|
|a 1589396197 (casebound)
|
| 020 |
|
|
|a 1589396200 (electronic)
|
| 040 |
|
|
|a UPM
|c UPM
|d NBU
|d BD-DhAAL
|
| 082 |
0 |
0 |
|a 384/.068
|2 22
|
| 100 |
1 |
|
|a Jones, Nolan Vincent
|
| 245 |
1 |
0 |
|a Telecommunications management. /
|c Nolan Vincent Jones.
|
| 260 |
|
|
|a College Station, TX :
|b Virtualbookworm.com Publishing,
|c 2004.
|
| 300 |
|
|
|a 300 p. :
|b ill. ;
|c 23 cm.
|
| 504 |
|
|
|a Includes bibliographical references (p. 299-300)
|
| 541 |
1 |
|
|e 00019885
|
| 650 |
|
0 |
|a Telecommunication
|x Management
|
| 650 |
|
0 |
|a Telecommunication
|x History
|
| 650 |
|
0 |
|a Telecommunication
|x Customer services
|
| 852 |
4 |
|
|a Ayesha Abed Library
|j General shelf
|
| 999 |
|
|
|c 7766
|d 7766
|
| 952 |
|
|
|0 0
|1 0
|2 ddc
|4 0
|6 384_068000000000000_JON_2004
|7 0
|9 8584
|a BRACUL
|b BRACUL
|c GEN
|d 2010-03-10
|l 0
|o 384.068 JON
|p 3010019885
|r 2010-03-10
|t 1
|w 2010-03-10
|y BK
|
| 952 |
|
|
|0 0
|1 0
|2 ddc
|4 0
|6 384_068000000000000_JON_2004
|7 0
|9 8585
|a BRACUL
|b BRACUL
|c GEN
|d 2010-03-10
|l 0
|o 384.068 JON
|p 3010019886
|r 2010-03-10
|t 2
|w 2010-03-10
|y BK
|
| 952 |
|
|
|0 0
|1 0
|2 ddc
|4 0
|6 384_068000000000000_JON_2004
|7 0
|9 8586
|a BRACUL
|b BRACUL
|c GEN
|d 2010-03-10
|l 0
|o 384.068 JON
|p 3010019887
|r 2010-03-10
|t 3
|w 2010-03-10
|y BK
|
| 952 |
|
|
|0 0
|1 0
|2 ddc
|4 0
|6 384_068000000000000_JON_2004
|7 0
|9 8587
|a BRACUL
|b BRACUL
|c GEN
|d 2010-03-10
|l 0
|o 384.068 JON
|p 3010019888
|r 2010-03-10
|t 4
|w 2010-03-10
|y BK
|
| 952 |
|
|
|0 0
|1 0
|2 ddc
|4 0
|6 384_068000000000000_JON_2004
|7 0
|9 8588
|a BRACUL
|b BRACUL
|c GEN
|d 2010-03-10
|l 0
|o 384.068 JON
|p 3010019889
|r 2010-03-10
|t 5
|w 2010-03-10
|y BK
|